Management of asthma in adults: a guide for low income countries 1996 (Record no. 32204)

MARC details
000 -LEADER
fixed length control field 00513nam a2200181Ia 4500
020 ## - INTERNATIONAL STANDARD BOOK NUMBER
ISBN 3891193718
050 ## - CALL MARK
Classification number RC 591 .A38/
100 ## - STATEMENT OF RESPONSIBILITY--MAIN AUTHOR NAME
Personal name Ait-Khaled, Nadia
245 #0 - TITLE STATEMENT
Title Management of asthma in adults: a guide for low income countries 1996
260 ## - PUBLICATION, DISTRIBUTION, ETC. (IMPRINT)
Place of publication Paris
260 ## - PUBLICATION, DISTRIBUTION, ETC. (IMPRINT)
Name of publisher Intermational Union Against Tuberculosis and Lung Disease
260 ## - PUBLICATION, DISTRIBUTION, ETC. (IMPRINT)
Year of publication 1996
300 ## - PHYSICAL DESCRIPTION
Number of Pages 55 p
650 ## - SUBJECT ADDED ENTRY--TOPICAL TERM
Topical Term Asthma. Asthma--Treatment.
942 ## - ADDED ENTRY ELEMENTS (KOHA)
Koha item type Books
Holdings
Withdrawn status Lost status Source of classification or shelving scheme Damaged status Not for loan Permanent Location Current Location Date acquired Accession Number Price effective from Koha item type
    Library of Congress Classification     NILE UNIVERSITY OF NIGERIA - MAIN LIBRARY NILE UNIVERSITY OF NIGERIA - MAIN LIBRARY 04/23/2025 0194585 04/23/2025 Books